Yeoman's Row Management and Zipporah Lisle-Mainwaring v James Cobbe (Record no. 77707)
[ view plain ]
| 000 -LEADER | |
|---|---|
| fixed length control field | 01934cab a2200217 4500 |
| 001 - CONTROL NUMBER | |
| control field | ##L134914 |
| 008 - FIXED-LENGTH DATA ELEMENTS--GENERAL INFORMATION | |
| fixed length control field | 060911n2006 000 0 eng u |
| 035 ## - SYSTEM CONTROL NUMBER | |
| System control number | (Sirsi) u134914 |
| 041 0# - LANGUAGE CODE | |
| Language code of text/sound track or separate title | eng |
| 245 00 - TITLE STATEMENT | |
| Title | Yeoman's Row Management and Zipporah Lisle-Mainwaring v James Cobbe |
| 260 ## - PUBLICATION, DISTRIBUTION, ETC. | |
| Date of publication, distribution, etc. | 2006 |
| 520 ## - SUMMARY, ETC. | |
| Summary, etc. | [2006] EWCA Civ 1139, 31 July 2006. Concerns the most satisfactory form of relief to be granted after a claim alleging proprietary estoppel had been allowed. Appeal by Y against a decision that C had established proprietary estoppel against Y and was thus entitled to a lien over property to secure C's interest in its increase in value. Appeal also by L against the judge's second decision to vary the terms of the order under the main judgment. L, the sole director of Y, had reached an oral agreement in principle to sell a property (in which she held one flat personally) to C if he successfully obtained planning permission to redevelop it. C secured it, relying on the belief that he would keep any profit from the development subject to a shared overage agreement. Y did not honour the agreement and no binding sales contract ever materialised. C pleaded successfully for proprietary estoppel and relief was set as a lien for 50% of the increase of the value of the property with planning permission. "Held": the 50% lien was the least unsatisfactory of the various forms relief might take. C's lien to cover L's leasehold interest was to be set aside. |
| 590 ## - LOCAL NOTE (RLIN) | |
| Local note | IKA190906 |
| 650 24 - SUBJECT ADDED ENTRY--TOPICAL TERM | |
| Topical term or geographic name entry element | YEOMAN'S ROW MANAGEMENT LTD AND ANOTHER V COBBE |
| 650 24 - SUBJECT ADDED ENTRY--TOPICAL TERM | |
| Topical term or geographic name entry element | LAW OF PROPERTY (MISCELLANEOUS PROVISIONS) ACT 1989 S2 |
| 650 24 - SUBJECT ADDED ENTRY--TOPICAL TERM | |
| Topical term or geographic name entry element | HOLIDAY INNS INC V BROADHEAD |
| 651 #4 - SUBJECT ADDED ENTRY--GEOGRAPHIC NAME | |
| Geographic name | England and Wales |
| Chronological subdivision | 1543- |
| 690 ## - LOCAL SUBJECT ADDED ENTRY--TOPICAL TERM (OCLC, RLIN) | |
| Topical term or geographic name as entry element | PROPERTY-RESIDENTIAL PROPERTY-RESIDENTIAL PROPERTY DEVELOPMENT |
| 856 40 - ELECTRONIC LOCATION AND ACCESS | |
| Uniform Resource Identifier | <a href="https://www.bailii.org/ew/cases/EWCA/Civ/2006/1139.html">https://www.bailii.org/ew/cases/EWCA/Civ/2006/1139.html</a> |
| Public note | View the judgment free of charge at www.bailii.org... |
| 942 ## - ADDED ENTRY ELEMENTS (KOHA) | |
| Suppress in OPAC | 0 |
| Withdrawn status | Lost status | Source of classification or shelving scheme | Damaged status | Not for loan | Home library | Current library | Shelving location | Date acquired | Total Checkouts | Full call number | Barcode | Date last seen | Copy number | Price effective from | Koha item type |
|---|---|---|---|---|---|---|---|---|---|---|---|---|---|---|---|
| Dewey Decimal Classification | Virtual | Virtual | Online | 11/09/2006 | ONLINE PUBLICATION | 134914-2001 | 06/08/2019 | 1 | 06/08/2019 | Law report |